• 首页
  • 本馆介绍
  • 公告通知
  • 最新文献
  • 馆藏检索
  • 电子资源
  • 读者导购
  • 参考咨询
  • 我的图书馆
  • 登录
  • 详细信息显示
  • 放入我的书架
  • 预约/预借图书
  • 作者相关作品
  • 分类相关作品
  • 丛书相关作品
  • 出版社相关作品

书目信息

  • 表格格式
  • 工作单格式
  • 卡片格式
题名:
中国画中的艺术表现特性研究
    
 
作者: 胡红春 著
分册:  
出版信息: 长春   吉林美术出版社  2019
页数: 161页
开本: 21cm
丛书名:
单 册:
中图分类: J212.052
科图分类:
主题词: 中国画--zhong guo hua--绘画评论--中国
电子资源:
ISBN: 978-7-5575-3490-5
000 00865nam0 2200253 450
001 012001006666
005 20140101130420.0
010    @a978-7-5575-3490-5@dCNY32.00
099    @aCAL 012019029943
100    @a20190308d2019 em y0chiy50 ea
101 0  @achi
102    @aCN@b220000
105    @ay a 000yy
106    @ar
200 1  @a中国画中的艺术表现特性研究@Azhong guo hua zhong de yi shu biao xian te xing yan jiu@f胡红春著
210    @a长春@c吉林美术出版社@d2019
215    @a161页@d21cm
320    @a有书目 (第159-161页)
330    @a本书探讨中国画基础及其艺术功能的基础上, 从线条、墨色、色彩意象等各角度分析了中国画中艺术表现特性, 具有一定的研究价值。
606 0  @a中国画@Azhong guo hua@x绘画评论@y中国
690    @aJ212.052@v5
701  0 @a胡红春@Ahu hong chun@4著
801  0 @aCN@b上海新华@c20191020
905    @b1132035-8@dJ212.052@e1067@f4
    
    中国画中的艺术表现特性研究/胡红春著.-长春:吉林美术出版社,2019
    161页;21cm
    
    
    ISBN 978-7-5575-3490-5:CNY32.00
    本书探讨中国画基础及其艺术功能的基础上, 从线条、墨色、色彩意象等各角度分析了中国画中艺术表现特性, 具有一定的研究价值。
●
相关链接 在E读中查询图书 在五车中查询图书 在当当中查询图书 在豆瓣中查询图书


正题名:中国画中的艺术表现特性研究     索取号:J212.052/1067         预约/预借

序号 登录号 条形码 馆藏地/架位号 状态 备注
1 1132035   211320355   第一样本阅览室/ [索取号:J212.052/1067] 在馆    
2 1132036   211320364   第一借阅区/ [索取号:J212.052/1067] 在馆    
3 1132037   211320373   第一借阅区/ [索取号:J212.052/1067] 在馆    
4 1132038   211320382   第一借阅区/ [索取号:J212.052/1067] 在馆    
唐山师范学院图书馆 欢迎您!
大连网信软件有限公司© 版权所有